مكتبة جامعة عجلون الوطنية

فهرس بحث المكتبة

Normal view MARC view
  • المعوقون-تعليم-الفئات الخاصة-تعليم

Entry Topical Term

Number of records used in: 1

001 - CONTROL NUMBER

  • control field: 22817

003 - CONTROL NUMBER IDENTIFIER

  • control field: JO-AjAnu

005 - DATE AND TIME OF LATEST TRANSACTION

  • control field: 20230606073931.0

008 - FIXED-LENGTH DATA ELEMENTS

  • fixed length control field: 230606|| aca||aabn | a|a d

040 ## - CATALOGING SOURCE

  • Original cataloging agency: JO-AjAnu
  • Transcribing agency: JO-AjAnu

150 ## - HEADING--TOPICAL TERM

  • Topical term or geographic name entry element: المعوقون-تعليم-الفئات الخاصة-تعليم

670 ## - SOURCE DATA FOUND

  • Source citation: Work cat.: (JO-AjAnu)11727: العزة،سعيد حسني, author 22816, المدخل إلى التربية الخاصة للأطفال ذوي الحاجات الخاصة، المفهوم - التشخيص - أساليب التدريس